[Event "Ferrol op 32th"]
[Site "Ferrol"]
[Date "2017.07.24"]
[Round "9"]
[White "Vargas Diaz, Antonio"]
[Black "Varela Peteira, David"]
[Result "1/2-1/2"]
[WhiteElo "1864"]
[BlackElo "1702"]
[PlyCount "106"]
[EventDate "2017.07.16"]
[EventType "swiss"]
[EventRounds "9"]
[EventCountry "ESP"]
[SourceTitle "EXT 2024"]
[Source "ChessBase"]
[SourceDate "2023.10.10"]
[SourceVersion "1"]
[SourceVersionDate "2023.10.10"]
[SourceQuality "1"]

1. e4 c6 2. d4 d5 3. exd5 cxd5 4. c4 Nf6 5. Nc3 g6 6. Bf4 Bg7 7. Nf3 0-0 8. c5 Nc6 9. h3 Ne4 10. Be2 Nxd4 11. Nxd4 e5 12. Be3 Nxc3 13. bxc3 exd4 14. Bxd4 Be6 15. Qb3 Qc7 16. Bf3 Rfe8 17. 0-0 Bf8 18. Rab1 Bxc5 19. Bxd5 Bxd4 20. cxd4 Bxd5 21. Qxd5 Rad8 22. Qxb7 Qxb7 23. Rxb7 Rxd4 24. Rxa7 Re2 25. a3 Rdd2 26. a4 Ra2 27. a5 Kg7 28. a6 Re6 29. Rd1 Raxa6 30. Rdd7 Rxa7 31. Rxa7 Re1+ 32. Kh2 Re2 33. Kg3 h5 34. h4 Rb2 35. Ra4 Kf6 36. Rf4+ Ke6 37. f3 Rb5 38. Ra4 Rb1 39. Kf4 Rh1 40. Ra6+ Ke7 41. Kg5 Rg1 42. Ra2 Rd1 43. Ra4 Rd5+ 44. Kh6 Kf6 45. Ra6+ Kf5 46. Kg7 Rd2 47. Rf6+ Ke5 48. Kxf7 Rxg2 49. Rxg6 Rh2 50. Rg5+ Kf4 51. Kg6 Rxh4 52. Rf5+ Ke3 53. Rf8 Rf4 1/2-1/2

[Event "Ferrol op 31th"]
[Site "Ferrol"]
[Date "2016.07.18"]
[Round "1"]
[White "Espineira Gonzalez, Diego Adrian"]
[Black "Varela Peteira, David"]
[Result "1-0"]
[WhiteElo "2387"]
[BlackElo "1647"]
[PlyCount "41"]
[EventDate "2016.07.18"]
[EventType "swiss"]
[EventRounds "9"]
[EventCountry "ESP"]
[SourceTitle "EXT 2024"]
[Source "ChessBase"]
[SourceDate "2023.10.10"]
[SourceVersion "1"]
[SourceVersionDate "2023.10.10"]
[SourceQuality "1"]

1. e4 d5 2. exd5 Qxd5 3. Nc3 Qd6 4. d4 Nf6 5. Nf3 c6 6. h3 Bf5 7. Bc4 e6 8. Qe2 Be7 9. Bb3 Nbd7 10. Bd2 Nd5 11. Ne4 Qc7 12. g3 N7f6 13. Nxf6+ Nxf6 14. 0-0-0 0-0-0 15. Ne5 Bd6 16. Nc4 Nd5 17. Nxd6+ Qxd6 18. c4 Nf6 19. Bf4 Qb4 20. Qe5 Qb6 21. c5 1-0